|
|
|
|
| LEADER |
00926nam a2200229 a 4500 |
| 001 |
15001739 |
| 008 |
090910s2006 bg b 000 0 eng d |
| 010 |
|
|
|a \\2007340172
|
| 020 |
|
|
|a 9840802135
|
| 040 |
|
|
|a DLC
|c DLC
|
| 082 |
0 |
0 |
|a 355/.03305492
|2 22
|
| 100 |
1 |
|
|a Karim, Mohammad Aminul.
|
| 245 |
1 |
0 |
|a Contemporary security issues in the Asia-Pacific and Bangladesh /
|c by Mohd. Aminul Karim.
|
| 260 |
|
|
|a Dhaka :
|b Academic Press and Publishers Library ,
|c 2006.
|
| 300 |
|
|
|a xii, 255 p. ;
|c 23 cm.
|
| 504 |
|
|
|a Includes bibliographical references.
|
| 541 |
1 |
|
|e 00016629
|
| 650 |
|
0 |
|a National security
|z Bangladesh.
|
| 650 |
|
0 |
|a National security
|z Indian Ocean Region.
|
| 852 |
4 |
|
|a Ayesha Abed Library
|j General shelf
|
| 999 |
|
|
|c 3850
|d 3850
|
| 952 |
|
|
|0 0
|1 0
|2 ddc
|4 0
|6 355_033054920000000_KAR_2006
|7 0
|9 3503
|a BRACUL
|b BRACUL
|c GEN
|d 2009-09-13
|g 298.00
|l 3
|m 3
|o 355.03305492 KAR
|p 3010016629
|r 2014-05-22
|s 2014-05-18
|t 1
|v 596.00
|w 2009-09-13
|y BK
|